Gaming Quiz

Random Gaming or Letter Quiz

SPORCLE Pokémon Quiz Stats

 Plays Quiz Updated Sep 18, 2017

Also try: P-P-P-Pokéface!
Challenge
Share
Tweet
Embed
Score 0/126 Timer 10:00
4 Plays Today
Type Pokémon % Correct
FightingN/A
100%
PoisonN/A
99.8%
PoisonN/A
99.8%
RockN/A
99.8%
BugN/A
99.8%
GhostN/A
99.8%
SteelN/A
99.8%
PsychicN/A
99.8%
IceN/A
99.8%
IceN/A
99.8%
DragonN/A
99.8%
DragonN/A
99.8%
DarkN/A
99.8%
DarkN/A
99.8%
FairyN/A
99.8%
FairyN/A
99.8%
FairyN/A
99.8%
WaterSamurott, Seadra, Seaking, etc.
71.8%
NormalSawsbuck, Sentret, Silvally, etc.
70.4%
NormalPatrat, Persian, Pidgeot, etc.
68.2%
FireCamerupt, Castform (Sunny), etc.
66.4%
ElectricPachirisu, Pichu, Pikachu, Plusle
65.2%
FlyingSalamence, Scyther, etc.
64.5%
SteelSandshrew (Alolan), etc.
63.6%
GroundSandile, Sandshrew, etc.
62.7%
FlyingPelipper, Pidgeot, Pidgeotto, etc.
57.9%
WaterPalkia, Palpitoad, Panpour, etc.
57.7%
RockOmanyte, Omastar, Onix
57.3%
ElectricEelektrik, Eelektross, etc.
57.2%
ElectricRaichu, Raikou, Rotom
57.1%
FairyCarbink, Clefable, Clefairy, etc.
53.8%
NormalRaticate, Rattata, Regigigas, etc.
52.9%
IceSandshrew (Alolan), etc.
52.5%
BugScatterbug, Scizor, Scolipede, etc.
52.4%
WaterCarracosta, Carvanha, etc.
51.4%
GroundOnix
51.3%
RockRampardos, Regirock, etc.
51%
WaterOctillery, Omanyte, Omastar, etc.
49.9%
PsychicRaichu (Alolan), Ralts, Reuniclus
48.4%
WaterLanturn, Lapras, Lombre, etc.
47.4%
FightingPancham, Pangoro, Passimian, etc.
47.2%
FireRapidash, Reshiram, Rotom (Heat)
46.8%
Type Pokémon % Correct
NormalEevee, Exploud
45.8%
DarkRaticate (Alolan), Rattata (Alolan)
45.1%
FlyingCelesteela, Charizard, Chatot, etc.
45%
GrassSawsbuck, Sceptile, Seedot, etc.
44.1%
BugParas, Parasect, Pheromosa, etc.
43.2%
FlyingRayquaza, Rotom (Fan), etc.
43%
NormalCastform, Chansey, Chatot, etc.
42.6%
BugCascoon, Caterpie, Charjabug, etc.
42.6%
IceCastform (Snowy), Cloyster, etc.
42.1%
NormalLickilicky, Lickitung, Lillipup, etc.
42%
WaterRelicanth, Remoraid, Rotom (Wash)
41%
GrassPansage, Paras, Parasect, etc.
40.9%
PoisonSalandit, Salazzle, Scolipede, etc.
40.7%
IceRegice, Rotom (Frost)
40.6%
DarkSableye, Sandile, Scrafty, etc.
40%
PsychicSigilyph, Slowbro, Slowking, etc.
39.9%
PsychicElgyem, Espeon, Espurr, etc.
39.2%
FlyingLandorus, Ledian, Ledyba, Lugia
39%
GrassRoselia, Roserade, etc.
39%
FirePansear, Pignite, Ponyta, Pyroar
38.5%
GrassLeafeon, Leavanny, Lileep, etc.
38.4%
GrassCacnea, Cacturne, Carnivine, etc.
37.8%
DarkPangoro, Pawniard, etc.
37.8%
PsychicLatias, Latios, Lugia, Lunala, etc.
37%
PoisonEkans
36.5%
DragonSalamence, Shelgon, Sliggoo
35.9%
IceLapras
35.3%
PoisonOddish
35.1%
GrassOddish
35.1%
GroundPalossand, Palpitoad, Phanpy, etc.
34.5%
BugLarvesta, Leavanny, Ledian, etc.
34.1%
DragonRayquaza, Reshiram
34.1%
RockLairon, Larvitar, Lileep, etc.
33.6%
GhostSableye, Sandygast, Shedinja, etc.
33.4%
GhostRotom
33.1%
FireLampent, Larvesta, Litleo, etc.
32.6%
RockCarbink, Carracosta, Corsola, etc.
31.8%
SteelLairon, Lucario
30.8%
FightingSawk, Scrafty, Scraggy, Stufful
30.6%
GroundRhydon, Rhyhorn, Rhyperior
30.5%
FireEmboar, Entei
30.4%
FairyShiinotic, Slurpuff, Snubbull, etc.
30.1%
Type Pokémon % Correct
FireSalandit, Salazzle, Simisear, Slugma
29.5%
GroundCamerupt, Claydol, Cubone
29.2%
PsychicOranguru, Oricorio (Pa'u Style)
28.4%
ElectricLanturn, Luxio, Luxray
28%
FightingChesnaught, Cobalion, etc.
27.5%
PsychicCelebi, Chimecho, Chingling, etc.
26.9%
GhostLampent, Litwick, Lunala
26.8%
FightingLucario
26%
SteelRegisteel
25.6%
DragonPalkia
25%
GroundLandorus, Larvitar
24.3%
FairyRalts, Ribombee
23.3%
GrassExeggcute, Exeggutor
22.8%
DragonLatias, Latios
22.7%
DarkCacturne, Carvanha, Crawdaunt
22.7%
FlyingOricorio
22.3%
GhostOricorio (Sensu Style)
22.3%
FireOricorio (Baile Style)
22.3%
ElectricOricorio (Pom-Pom Style)
22.3%
RockShieldon, Shuckle, Solrock, etc.
21.7%
SteelEmpoleon, Escavalier, Excadrill
21.5%
RockProbopass, Pupitar
21.1%
ElectricCharjabug, Chinchou
20.2%
NormalOranguru
19.8%
GhostPalossand, Phantump, Pumpkaboo
19.4%
SteelPawniard, Probopass
19.3%
FightingEmboar
19%
GhostChandelure, Cofagrigus
18.8%
FightingRiolu
18.5%
SteelCelesteela, Cobalion
18.2%
PoisonCroagunk, Crobat
17.7%
IcePiloswine
16.6%
PoisonRoselia, Roserade
16.6%
WaterEmpoleon
16.4%
FlyingEmolga
15.7%
DragonExeggutor (Alolan)
15.1%
ElectricShinx, Stunfisk
14.8%
GroundExcadrill
12.4%
BugRibombee
12.1%
BugEscavalier
10.7%
DarkLiepard
10.7%
FairyPrimarina
8.9%

You're not logged in!

Compare scores with friends on all Sporcle quizzes.
Join for Free
OR
Log In

You Might Also Like...

Show Comments

Extras

Top Quizzes Today


Score Distribution

Your Account Isn't Verified!

In order to create a playlist on Sporcle, you need to verify the email address you used during registration. Go to your Sporcle Settings to finish the process.

Report this User

Report this user for behavior that violates our Community Guidelines.

Details: